000
00279nam a22001097a 4500
008
160518b xxu||||| |||| 00| 0 eng d
020
_a
9781931981828
041
_a
eng
080
_a
61
245
_a
Allergic diseases and asthma;
_c
James E. Gern; William W. Busse;
942
_2
udc
_c
BK
999
_c
2200
_d
2200